Sports Quiz

Random Sports Quiz

Phillies opening day lineups (Pennant Winners) Quiz Stats

 Plays Quiz not verified by Sporcle

Challenge
Share
Tweet
Embed
Score 0/63 Timer 09:00
0 Plays Today
Year Player % Correct
2008Ryan Howard
98.4%
2008Chase Utley
98.4%
2009Ryan Howard
98.4%
2009Chase Utley
98.4%
1980Mike Schmidt
95.2%
1983Mike Schmidt
95.2%
2008Jimmy Rollins
95.2%
2009Jimmy Rollins
95.2%
1980Pete Rose
93.5%
1980Steve Carlton
93.5%
1983Pete Rose
93.5%
1983Steve Carlton
93.5%
1993Lenny Dykstra
93.5%
1993Darren Daulton
93.5%
2008Shane Victorino
93.5%
2009Shane Victorino
93.5%
1993John Kruk
91.9%
1980Larry Bowa
90.3%
1980Garry Maddox
88.7%
2008Jayson Werth
88.7%
2009Jayson Werth
88.7%
1980Bob Boone
87.1%
1980Greg Luzinski
85.5%
1950Richie Ashburn
83.9%
1950Robin Roberts
83.9%
1983Joe Morgan
83.9%
2008Pat Burrell
83.9%
2008Carlos Ruiz
83.9%
2009Carlos Ruiz
83.9%
1980Manny Trillo
82.3%
1993Mickey Morandini
82.3%
2008Pedro Feliz
82.3%
Year Player % Correct
2009Pedro Feliz
82.3%
1980Bake McBride
79%
2009Raul Ibanez
79%
1983Gary Matthews
77.4%
1983Tony Perez
77.4%
1993Dave Hollins
77.4%
2008Brett Myers
77.4%
2009Brett Myers
77.4%
1983Ivan DeJesus
74.2%
1993Terry Mulholland
72.6%
1993Milt Thompson
71%
1915Grover Alexander
69.4%
1983Bo Diaz
67.7%
1993Jim Eisenreich
62.9%
1950Del Ennis
59.7%
1993Juan Bell
56.5%
1950Willie Jones
54.8%
1950Granny Hamner
53.2%
1950Andy Seminick
51.6%
1983Bob Dernier
50%
1950Dick Sisler
45.2%
1915Gavvy Cravath
35.5%
1950Eddie Waitkus
35.5%
1915Dave Bancroft
22.6%
1950Mike Goliat
21%
1915Fred Luderus
12.9%
1915Dode Paskert
3.2%
1915Bobby Byrne
3.2%
1915Bill Killefer
3.2%
1915Beals Becker
0%
1915Bert Niehoff
0%

You're not logged in!

Compare scores with friends on all Sporcle quizzes.
OR
Log In

You Might Also Like...

Show Comments

Extras

Top Quizzes Today


Score Distribution

Your Account Isn't Verified!

In order to create a playlist on Sporcle, you need to verify the email address you used during registration. Go to your Sporcle Settings to finish the process.

Report this User

Report this user for behavior that violates our Community Guidelines.

Details: